| 000 | 00545nam a2200181 a 4500 | ||
|---|---|---|---|
| 005 | 20140414093832.0 | ||
| 008 | 020926s19uu xx 00 eng d | ||
| 050 |
_aVHS 900 _bOR 18 |
||
| 100 | _aTime Life | ||
| 245 |
_aChina _bdynasties of power |
||
| 260 |
_aSingapore _bTime Life Asia _cc1995 |
||
| 300 | _a48. mins. | ||
| 500 | _anarrated by Sam Waterston | ||
| 520 | _aIn the 2nd century B.C., China faced harrowing attacks from Mongol hordes on its vast, outlying frontiers. | ||
| 650 | _aHistory | ||
| 942 | _cAVM | ||
| 999 |
_c108807 _d108807 |
||